000 01233nam a22003617a 4500
003 CHAP
005 20220329143351.0
008 090102s1999 co a r 00010 spa d
010 _a95594
011 _a96566
020 _a9586821331
035 _a107220
040 _cCHAP
082 0 4 _a658.514
_bAr181
100 1 _aArbones Malisani, Eduardo A.
_96698
245 1 0 _aIngeniería de sistemas
_c/por Eduardo A. Arbones Malisani
260 _aSantafé de Bogota, Co. :
_bAlfaomega,
_c1999
300 _a158 p. :
_bilus., cuadros
490 0 _aProdúctica
_v; 46
590 _aBATCH-UPD
_b10
_c20130110
_lUCH01
_h0451
590 _aBATCH-UPD
_b10
_c20130410
_lUCH01
_h0128
590 _aBATCH-UPD
_b10
_c20130914
_lUCH01
_h0429
590 _aCONVERSION
_b10
_c20130109
_lUCH01
_h1353
650 0 4 _aAutomatización.
_98413
650 0 4 _aIngeniería de sistemas.
_958218
650 0 4 _aProducción
_xControl de la.
_991858
650 0 4 _aTecnología.
_9111937
830 0 _aProdúctica
_v; 46
_991857
901 _aBK
942 _cLIBRO
949 _a658.514 Ar181
_bBC
_cLIBRO
_d33724002075850
_eLIBRO
_gI.c/e
_h110266
_i107220
_si
_t$178.00
949 _a658.514 Ar181
_bBC
_cLIBRO
_d33724002075892
_eLIBRO
_fc.2
_gI.c/e
_h110267
_i107220
_sb
_t$178.00
999 _c95594
_d95594